RAKSHAK RAM (Record no. 2686)

MARC details
000 -LEADER
fixed length control field 00200nam a22001097a 4500
020 ## - INTERNATIONAL STANDARD BOOK NUMBER
ISBN 9789351869108
082 ## - DEWEY DECIMAL CLASSIFICATION NUMBER
Classification number 890
100 ## - MAIN ENTRY--AUTHOR NAME
Personal name PATEL, SURAJ
245 ## - TITLE STATEMENT
Title RAKSHAK RAM
300 ## - PHYSICAL DESCRIPTION
Number of Pages 184P
942 ## - ADDED ENTRY ELEMENTS (KOHA)
Koha item type Books

No items available.

analytics